| 000 | 01581nam a2200445 c 4500 | ||
|---|---|---|---|
| 001 | 22037 | ||
| 003 | ES-MaCES | ||
| 005 | 20150925133419.0 | ||
| 008 | 090406s2008 sp bd t o000 | spa d | ||
| 017 |
_aM 43040-2008 _bDL |
||
| 020 | _a9788474764611 | ||
| 024 | 7 |
_a004-08-023-6 _2nipo |
|
| 035 | _aCES20090004026m | ||
| 040 |
_aES-MaCES _bspa _cES-MaCES |
||
| 245 | 0 | 0 |
_aNuevos tiempos del trabajo _b: entre la flexibilidad competitiva de las empresas y las relaciones de género _cCarlos Prieto, Ramón Ramos, Javier Callejo (coords.) |
| 250 | _a1ª ed | ||
| 260 |
_aMadrid _bCentro de Investigaciones Sociológicas _c2008 |
||
| 300 |
_aXLVI, 385 p. _c21 cm |
||
| 490 | 1 |
_aMonografías _v255 |
|
| 504 | _aBibliografía: p. 376-385 | ||
| 541 | _cGratuito | ||
| 650 | 4 |
_ahoras de trabajo _928335 |
|
| 650 | 4 |
_aordenamiento del tiempo de trabajo _929205 |
|
| 650 | 4 |
_aflexibilidad del trabajo _930174 |
|
| 650 | 4 |
_acondiciones de trabajo _928327 |
|
| 650 | 4 |
_acambio social _927286 |
|
| 650 | 4 |
_acompetitividad _928270 |
|
| 650 | 4 |
_aEspaña _926964 |
|
| 650 | 4 |
_aestudio de casos _928846 |
|
| 653 | 1 | 0 | _aRelaciones laborales-Empleo |
| 650 | 4 |
_928178 _aempresa |
|
| 700 | 1 |
_aPrieto, Carlos _ecol. _921404 |
|
| 700 | 1 |
_aRamos, Ramón _ecol. _921703 |
|
| 700 | 1 |
_aCallejo, Javier _ecol. _98723 |
|
| 710 | 2 |
_aCentro de Investigaciones Sociológicas (Madrid) _eed. _91893 |
|
| 830 | 0 |
_aMonografías (Centro de Investigaciones Sociológicas (Madrid)) _v255 _932524 |
|
| 902 | _aLIB Libro | ||
| 942 |
_2CES _cBK _h2.0. |
||
| 999 |
_c22037 _d22037 |
||